| 000 | 02228nam a2200301uu 4500 | ||
|---|---|---|---|
| 001 | 1257393 | ||
| 005 | 20260508071734.0 | ||
| 008 | 110923s2010 spa | ||
| 020 | _a9789586486163 | ||
| 035 | _a1257393 | ||
| 035 | _a(OCoLC)777074837 | ||
| 040 | _ccomduadb | ||
| 041 | _aspa | ||
| 050 | 4 | _aHF | |
| 100 | 1 | 0 |
_aRincón Soto, Carlos Augusto _4aut _eaut _9561858 |
| 245 | 1 | 0 | _aCostos : decisiones empresariales |
| 260 |
_aBogotá : _bEcoe Ediciones, _c2010. |
||
| 300 | _axi, 278 p. | ||
| 505 | _aCONTENIDO: Introducción a los costos. -- Inventarios. -- Mano de obra. -- Servicios directos. -- Costos indirectos de fabricación. -- Análisis de costos-volumen-utilidad. -- Presupuestos. -- Gestión de las 5D. -- Modelos de gestión administrativa. -- Bibliografía. | ||
| 520 | 3 | _aRESEÑA : Este libro tiene como sentido visualizar al administrador como un elemento vital dentro de las decisiones de control, evaluación y desarrollo del sistema de información empresarial. Por ello ofrece información técnica sobre los modelos de medición y contabilización, con un alto contenido financiero y administrativo de la importancia del uso de los datos, para la toma de decisiones. El texto desarrolla técnicas contables y operacionales para empresas de sectores de servicios, industrial y comercial, con explicaciones sencillas de sus particularidades. Contiene ejemplos completos en cálculo, documentos y contabilización para que el lector tenga una mayor comprensión de todo el proceso. Podrá obtener una herramienta que le enseñará y dará pautas para calcular, evaluar y visualizar los costos de cualquier empresa. El libro incluye un complemento virtual en el SIL (Sistema de Información en Línea) en www.ecoeediciones.com que contiene: diapositivas de ayuda a docentes, talleres resueltos, talleres y exámenes, modelos de costos en Excel y artículos sobre costos. | |
| 650 | 7 |
_aContabilidad de costos _2lemb _963667 |
|
| 650 | 7 |
_aAnálisis de costos _2lemb _9977 |
|
| 650 |
_aControl de costos _930935 |
||
| 650 |
_aContabilidad administrativa _92718 |
||
| 650 | 7 |
_aToma de decisiones _2lemb _9175188 |
|
| 700 | 1 | 0 |
_aVillarreal Vásquez, Fernando _4aut _eaut _9627643 |
| 942 | _cBOOK | ||
| 999 |
_c596378 _d596378 |
||